Vista normal Vista MARC
  • Hurtado de Córdoba, Narciso

Entrada Nom personal

Número de registros utilizados en: 1

001 - NÚMERO DE CONTROL

  • campo de control: 169170

003 - IDENTIFICADOR DEL NÚMERO DE CONTROL

  • campo de control: ES-BaIT

005 - FECHA Y HORA DE LA ÚLTIMA TRANSACCIÓN

  • campo de control: 20260327082438.0

008 - DATOS DE LONGITUD FIJA

  • campo de control de longitud fija: 260327|| aca||aabn | a|a d

040 ## - FUENTE DE LA CATALOGACIÓN

  • Centro catalogador/agencia de origen: ES-BaIT

100 1# - ENCABEZAMIENTO-NOMBRE DE PERSONA

  • Nombre de persona: Hurtado de Córdoba, Narciso

Con tecnología Koha